Statistics for Europe True or False- For Pro's Only

Click here to take the quiz!

General Stats

  • This quiz has been taken 62 times
  • The average score is 9 of 15

Answer Stats

QuestionAnswer% Correct
Hungary has the most castles of any European countries.False
94%
Iceland doesn’t have ant mosquitoes.True
90%
There was once a country in Europe named Pojalwet.False
84%
Norway has the longest coastline of any European country.True
74%
10 Scandinavian villages have names that are just one letter long.True
74%
The largest church in Europe is in the Vatican.True
66%
Sweden once knighted a Polar Bear.False
64%
England's monarchy is the longest lasting in the world.False
62%
The smallest town in Europe is in Croatia.True
62%
More chocolate is bought at Brussels Airport than anywhere else in the world.True
60%
There's a rainforest in Europe.True
50%
The Eiffel Tower is the most visited attraction in Europe.False
40%
There's a town in Wales named Llanfairpwll-gwyngyllgogerychwyrndrob.False
34%
The tallest building in Europe is in St. Petersburg.True
34%
Only 10% of the British Museum’s collection is on display.False
20%

Score Distribution

Percentile by Number Answered

Percent of People with Each Score

Your Score History

You have not taken this quiz